| 000 | 00480nam a2200157 i 4500 | ||
|---|---|---|---|
| 001 | 35641 | ||
| 003 | ES-MaACL | ||
| 005 | 20230906155155.0 | ||
| 007 | t| | ||
| 008 | 030213s1960 sp ||||1| spa d | ||
| 100 | 1 |
_aBox María-Cospedal, Antonio. _931161 |
|
| 245 | 1 | 0 |
_aDías fértiles e infértiles en el matrimonio según Ogino-Knaus / _cDr. Box Mª Cospedal. |
| 260 |
_aMadrid : _bReus, _c1960. |
||
| 300 |
_a108 p., 1 lám. ; _c17 cm. |
||
| 852 |
_aES-MaACL _jC-19558 _bR.47134 |
||
| 999 |
_c35641 _d35641 |
||